| 000 | 00492nam a22001937a 4500 | ||
|---|---|---|---|
| 003 | OSt | ||
| 005 | 20140310182829.0 | ||
| 008 | 130531t xxu||||| |||| 00| 0 eng d | ||
| 050 |
_aQ 141 _b.B336 1998 |
||
| 082 |
_aFIL 509.22599 _bF74 1998 |
||
| 245 |
_aThe Filipino scientists _cBatubalani, A.M. |
||
| 260 |
_aManila _bLoacan Pub. House _c1998 |
||
| 300 |
_a74 p. _c 20 cm. |
||
| 521 | _aCollege | ||
| 526 | _c1210L-1700L | ||
| 541 | _j1 | ||
| 562 | _e1 | ||
| 942 |
_2lcc _cBK _kFIL |
||
| 999 |
_c16584 _d16584 |
||